[Event "Belgrade Radnicki Schev 02"]
[Site "Belgrade"]
[Date "2024.02.22"]
[Round "1.3"]
[White "Amaya, Agarwal"]
[Black "Becelic, Dejan"]
[Result "0-1"]
[WhiteElo "1517"]
[BlackElo "1947"]
[PlyCount "68"]
[EventDate "2024.02.22"]
[EventType "schev"]
[EventRounds "10"]
[EventCountry "SRB"]
[SourceTitle "CB10_2024"]
[SourceDate "2024.03.06"]
[SourceVersion "1"]
[SourceVersionDate "2024.03.06"]
[SourceQuality "1"]
[WhiteTeam "Team A"]
[BlackTeam "Team B"]
[WhiteTeamCountry "SRB"]
[BlackTeamCountry "SRB"]

1. e4 c6 2. d4 d5 3. exd5 cxd5 4. c4 Nf6 5. Nc3 e6 6. Nf3 Be7 7. cxd5 Nxd5 8. Bd3 Nc6 9. 0-0 0-0 10. Re1 Nf6 11. Bc2 b6 12. a3 Ba6 13. b4 Bc4 14. Be3 Rc8 15. Rc1 a5 16. b5 Na7 17. a4 Ba3 18. Rb1 Bb4 19. Bd2 Bxc3 20. Bxc3 Bd5 21. Qd3 Qc7 22. Re3 Qf4 23. Ne5 Be4 24. Qd2 Bxc2 25. Qxc2 Rfd8 26. Rd1 Qf5 27. Qb3 Nd5 28. Rf3 Rxc3 29. Rxc3 Nxc3 30. Qxc3 Qxe5 31. h3 Qd6 32. Qd3 Nc8 33. Qf3 Ne7 34. Rd3 e5 0-1